Normal view
MARC view
Entry Topical Term
001 - CONTROL NUMBER
- control field: 8633
003 - CONTROL NUMBER IDENTIFIER
- control field: ARRUPE
005 - DATE AND TIME OF LATEST TRANSACTION
- control field: 20140212134548.0
008 - FIXED-LENGTH DATA ELEMENTS
- fixed length control field: 140212|| aca||aabn | a|a d
040 ## - CATALOGING SOURCE
- Original cataloging agency: ARRUPE
- Transcribing agency: ARRUPE
150 ## - HEADING--TOPICAL TERM
- Topical term or geographic name as entry element: War-Religious aspects-islam, War(Islamic law, terrorism-Religious aspects-Islam, Islamic countries-Foreign relations
670 ## - SOURCE DATA FOUND
- Source citation: Work cat.: (ARRUPE): Sookhdeo, Patrick 8632, Understanding Islamic Terrorism , 2004